अभिलाषा (Record no. 993)

MARC details
000 -LEADER
fixed length control field 01218 a2200265 4500
005 - DATE AND TIME OF LATEST TRANSACTION
control field 20080903114429.0
008 - FIXED-LENGTH DATA ELEMENTS--GENERAL INFORMATION
fixed length control field 080903t xxu||||| |||| 00| 0 hin d
010 ## - LCCN (DPL NO)
LC control number HIN-78912
020 ## - INTERNATIONAL STANDARD BOOK NUMBER
International Standard Book Number 8189373056
Terms of availability 150.00
035 ## - SYSTEM CONTROL NUMBER
System control number HN-51258
035 ## - SYSTEM CONTROL NUMBER
System control number B-326497
037 ## - SOURCE OF ACQUISITION
Source of stock number/acquisition D.B.Act/ pub
082 ## - DEWEY DECIMAL CLASSIFICATION NUMBER
Classification number 821
100 ## - MAIN ENTRY--PERSONAL NAME
Personal name निगम, अखिलेश "अखिल"
245 ## - TITLE STATEMENT
Title अभिलाषा
Statement of responsibility, etc अखिलेश निगम "अखिल"
246 ## - VARYING FORM OF TITLE
Title proper/short title Abhilasha
Remainder of title by Akhilesh Nigam "Akhil"
260 ## - PUBLICATION, DISTRIBUTION, ETC. (IMPRINT)
Place of publication, distribution, etc दिल्ली
Name of publisher, distributor, etc देवलोक प्रकाशन
Date of publication, distribution, etc 2006
270 ## - ADDRESS
Address 1362,कश्मीरी गेट
City दिल्ली
Postal code 110006
300 ## - PHYSICAL DESCRIPTION
Extent 111पृ
Dimensions 22सेमी (सजिल्द)
650 ## - SUBJECT ADDED ENTRY--TOPICAL TERM
Topical term or geographic name as entry element हिन्दी कविताएँ
650 ## - SUBJECT ADDED ENTRY--TOPICAL TERM
Topical term or geographic name as entry element Hindi Poems
942 ## - ADDED ENTRY ELEMENTS (KOHA)
Institution code [OBSOLETE] dpl
Item type Hindi Books
Call number prefix 821 / निगम
Source of classification or shelving scheme Dewey Decimal Classification
Classification part 821
Call number suffix निगम
Holdings
Withdrawn status Lost status Source of classification or shelving scheme Damaged status Not for loan Collection code Home library Current library Date acquired Cost, normal purchase price Total Checkouts Full call number Barcode Date last seen Copy number Cost, replacement price Koha item type Source of acquisition
    Dewey Decimal Classification   Not For Loan Non-fiction D.B.Act.Division D.B.Act.Division 03/09/2008 150.00   821 निगम HN-51258 15/09/2008 1 150.00 Hindi Books  
    Dewey Decimal Classification     Non-fiction Vinoba Puri Vinoba Puri 27/03/2009 150.00 1 821 निगम B-326497 23/10/2021 1 150.00 Hindi Books DBAD / PUB

© Delhi Public Library
Hit Counter
free hit counter